[Event "Erfurter Schachtage"]
[Site "Erfurt"]
[Date "1989.06.29"]
[Round "8"]
[White "Bus, Mariusz"]
[Black "Fiedler, Torsten"]
[Result "0-1"]
[WhiteElo "2355"]
[BlackElo "2200"]
[PlyCount "118"]
[EventDate "1989.06.22"]
[EventType "tourn"]
[EventRounds "9"]
[EventCountry "DDR"]
[EventCategory "6"]
[SourceTitle "EXT 2002"]
[Source "ChessBase"]
[SourceDate "2001.11.25"]
[SourceVersion "1"]
[SourceVersionDate "2001.11.25"]
[SourceQuality "1"]

1. e4 e5 2. Nf3 Nc6 3. Nc3 Nf6 4. d4 exd4 5. Nxd4 Bb4 6. Nxc6 bxc6 7. Bd3 d5 8. exd5 cxd5 9. 0-0 0-0 10. Bg5 c6 11. Qf3 Re8 12. Rae1 Be6 13. Re5 h6 14. Bh4 Be7 15. Ree1 g5 16. Rxe6 fxe6 17. Bg3 Rf8 18. Re1 Nd7 19. Qg4 Rf6 20. Rxe6 Nf8 21. Rxf6 Bxf6 22. h4 Qe7 23. hxg5 hxg5 24. Ne2 Qg7 25. b4 Re8 26. b5 c5 27. c4 d4 28. Be4 Qe7 29. Bd5+ Kg7 30. Nf4 Nh7 31. Ne6+ Kh8 32. Qf5 Bg7 33. Qg6 Rg8 34. a4 Qf6 35. Qxf6 Nxf6 36. Nxc5 Nxd5 37. cxd5 Rc8 38. Ne4 d3 39. d6 Re8 40. d7 Rd8 41. f3 Rxd7 42. Be1 Rc7 43. Bd2 g4 44. Kf2 Bd4+ 45. Kg3 gxf3 46. Kxf3 Rc2 47. Be3 Rc4 48. Nf2 Rxa4 49. Nxd3 Bxe3 50. Kxe3 Ra5 51. b6 axb6 52. Kd4 Kg7 53. Kc4 Kf6 54. Kb4 Ke6 55. Nb2 Ra1 56. Nc4 Rb1+ 57. Kc3 Kd5 58. Nb2 Kc5 59. g4 b5 0-1